02016nam a2200313 4500001000700000003000900007005001700016008004100033020001800074040004900092041000800141090002300149245038100172250002200553260016600575300005500741500031100796653003601107653003501143700005501178700004401233700005501277700006201332700005201394700010201446942001201548999001901560952012301579114131DR-UNIBE20251002114114.0251002b2017 dr ||||| |||| 00| 1 spa d a9789945603330 aBIBLIOTECA UNIBEbspacBIBLIOTECA UNIBEerda aspa aFBIU-PUCMM CI M96513aUn mundo mágico :bcuentos e ilustraciones de niños y niñas dominicanos /c presentación: Andrés Navarro García ; prólogo: Dulce Rodríguez ; coordinación de lengua española: Norma Mena ; director del Distrito Educativo 10-01: Ydelsis Morel ; edición: Denise Ocampo ; diseño de portada, diagramación y cuidado de ilustraciones: Juan José Vásquez aPrimera edición aSantiago de los Caballeros : bPontificia Universidad Católica Madre y Maestra (PUCMM) :bCentro de Investigación y Desarrollo Humano, (CIEDI-Humano), c2017 avi, 120 páginas : bilustraciones ; c27 x 20 cm aIncluye fotos de los niños escritores de los grados de primero a sexto del nivel primario de las escuelas del distrito educativo 10-01 de Villa Mella, ganadores del concurso de cuentos para desarrollar las competencias de lectura y escritura. En la contraportada interna se lee los nombres de los jurados 7aCuentos infantiles dominicanos  7aLiteratura infantil dominicana10aNavarro García, Andrés9141646epresentación10aRodríguez, Dulce9199529eprologuista10aMena, Norma9196965ecoordinador lengua española10aMorel, Ydelsis9199540edirector Distrito Educativo 10-0110aOcampo, Denise9199530ecuidado de la edición10aVásquez, Juan José9199531ediseñador de portadaediagramadorecuidado de las ilustraciones 2ddccBK c114131d114131 00102ddc718FBIUaPrincipald2025-08-01l0oFBIU-PUCMM CI M965pFBIU0898r2025-10-02 10:51:14tEJ. 1w2025-10-02yBK